| 000 | 00504nam a2200169 a 4500 | ||
|---|---|---|---|
| 005 | 20140412111314.0 | ||
| 008 | 010321s19uu xx 00 eng d | ||
| 020 | _a0-7214-1065-0 | ||
| 050 |
_aM 398.21 _bA517 1988 |
||
| 100 | _aAmin, Adibah | ||
| 245 |
_aMalaysian tales / _cwritten by Adibah Amin ; illustrated by Ahmas Zakii Hj Anwar. |
||
| 260 |
_aLeicestershire, UK : _bLadybird Books Ltd, _c1988. |
||
| 300 | _a42 p. ; ill. | ||
| 440 | _aLegends | ||
| 650 | _aTales - Malaysia | ||
| 999 |
_c104154 _d104154 |
||